MARC

LEADER 00000nam0a2200000 4500
001 151593
005 20231101221554.0
035 |a (RuTPU)RU\TPU\book\164361 
090 |a 151593 
100 |a 20090126d1977 km y0rusy50 ca 
101 1 |a rus  |c ger 
102 |a RU 
105 |a a z 001za 
200 1 |a Размышления и воспоминания физика  |e сборник статей  |e пер. с нем.  |f М. Борн, Н. Кеммер, Р. Шлапп  |g Академия наук СССР (АН СССР) 
210 |a Москва  |c Наука  |d 1977 
215 |a 280 с.  |c ил. 
225 1 |a Популярные произведения классиков естествознания 
316 |5 63413507: КР-6689  |a На форзаце надпись : "Отчет руководителей групп показатели, результаты научные и планы на 1978 г." 
317 |5 63413507: КР-6689  |a Поступил в НТБ в 1987 г. в дар от вдовы ученого Е. К. Завадовской 
320 |a Библиогр.: с. 267 - 274 ( 194 назв.) 
320 |a Указ. имен: с. 275 - 279 
600 1 |a Борн  |b М.  |c немецкий физик-теоретик  |c один из создателей квантовой механики  |f 1882-1970  |g Макс  |2 stltpush  |3 (RuTPU)RU\TPU\pers\20186  |9 8032 
606 1 |a Физическая наука  |x История  |2 stltpush  |3 (RuTPU)RU\TPU\subj\63824  |9 80761 
610 1 |a теоретическая физика 
610 1 |a история 
610 1 |a термодинамика 
610 1 |a теория относительности 
610 1 |a квантовая механика 
610 1 |a кристаллические решетки 
610 1 |a библиотека А. А. Воробьева 
675 |a 53(09)  |v 4 
700 1 |a Борн  |b М.  |g Макс 
701 1 |a Кеммер  |b Н. 
701 1 |a Шлапп  |b Р. 
712 0 2 |a Академия наук СССР (АН СССР)  |2 stltpush  |3 (RuTPU)RU\TPU\col\722 
801 1 |a RU  |b 63413507  |c 20090126  |g PSBO 
801 2 |a RU  |b 63413507  |c 20191030  |g PSBO 
942 |c BK